Slovenian players in Premier League (2000-) - Statistics

General Stats
  • This quiz has been taken 20 times
  • The average score is 2 of 5
Answer Stats
Ranking Player Positions Nationality Matches Goals (assists) Periods Clubs % Correct
1 Robert Koren DF, MF 57 3 (2) 2008-2009, 2013-2014
68%
3 Jon Gorenc Stanković DF, MF 11 1 (0) 2018-2019
47%
2 Milenko Ačimovič MF 17 0 (2) 2002-2003
47%
4 Haris Vučkić MF, FW 5 0 (0) 2011-2012, 2014-2015
21%
5 Aleksandar Rodić FW 4 0 (0) 2004-2005
11%
No matching quizzes found
Score Distribution
Percent of People with Each Score
Percentile by Number Answered
Your Score History
You have not taken this quiz